000 00747cam a2200181 4500
001 WS109074
008 000000n 000 0 eng u
035 _a(Sirsi) u109074
245 _aEPolitix
520 _aWeb site describing itself as 'Britain's leading political and parliamentary website', including web pages for MPs, government departments and political news. Also has microsites for companies, charities and other organisations' government and public affairs departments.
650 _aPOLITICS
650 _aHOUSES OF PARLIAMENT
650 _aGOVERNMENT DEPARTMENTS
650 _aGOVERNMENT POLICY
690 _aLAW
856 4 0 _a
_uhttps://www.epolitix.com/
_zView the website free of charge at www.epolitix.com/...
942 _n0
999 _c119694
_d119694